000 00486nam a2200145 4500
999 _c16950
_d16950
008 220524b ||||| |||| 00| 0 eng d
022 _a0117-3308
082 _aDPer 004.1105 C73 Sept 2010 - April 2011 v. 20 n. 3-9
245 _aCloud computing conference slated on March 3, 2021/
260 _aPhilippines:
_bSchneider Electric,
_c©2010-2011.
300 _av20 n7, page 5;
_c27 cm.
500 _aComputer world.
650 _aConferences
_xCloud computing.
_945195
942 _2ddc
_cPER